| 000 | 01022nam a22002297a 4500 | ||
|---|---|---|---|
| 003 | OSt | ||
| 005 | 20250827103220.0 | ||
| 008 | 240305b ||||| |||| 00| 0 eng d | ||
| 040 | _c0 | ||
| 082 | _aDPer 621.317 Ie21 July 2022 v. 37 n. 7 | ||
| 100 |
_aFurukawa, Yudai. _eauthor. _954052 |
||
| 245 |
_aStatic analysis of a digital peak current mode control DC—DC converter using current—frequency conversion / _cYudai Furukawa, Yuichiro Shibata, Haruhi Eto, Ilhami Colak, and Fujio Kurokawa. |
||
| 260 |
_aNew York ; _bThe Institute of Electrical and Electronics Engineers, Inc. , _cJuly 2022. |
||
| 300 |
_avolume 37, pages 7688-7704 : _billustration ; _c28 cm. |
||
| 500 | _aIEEE Transactions on Power Electronics, vol. 37, no. 7, pages 7688-7704, July 2022. | ||
| 700 |
_aFurukawa, Yudai. _eauthor. _954052 |
||
| 700 |
_aShibata, Yuichiro. _eauthor. _954053 |
||
| 700 |
_aEto, Haruhi. _eauthor. _954054 |
||
| 700 |
_aColak, Ilhami. _eauthor. _954055 |
||
| 700 |
_aKurokawa, Fujio. _eauthor. _954056 |
||
| 942 |
_2ddc _cPER |
||
| 999 |
_c19538 _d19538 |
||